Thiết kế bài giảng Hoá học trung học cơ sở 9

Đã lưu trong:
Sonraí Bibleagrafaíochta
Príomhúdar: Cao, Cự Giác
Formáid: Leabhar
Teanga:Undetermined
Foilsithe: Hà Nội Nhà xuất bản Hà Nội 2005
Ábhair:
Clibeanna: Cuir Clib Leis
Gan Chlibeanna, Bí ar an gcéad duine leis an taifead seo a chlibeáil!
Thư viện lưu trữ: Trung tâm Học liệu Trường Đại học Cần Thơ
LEADER 00641nam a2200205Ia 4500
001 CTU_124487
008 210402s9999 xx 000 0 und d
020 |c 24000 
082 |a 540.07 
082 |b Gi101/T.1 
100 |a Cao, Cự Giác 
245 0 |a Thiết kế bài giảng Hoá học trung học cơ sở 9 
245 0 |c Cao Cự Giác (chủ biên), Vũ Minh Hà 
260 |a Hà Nội 
260 |b Nhà xuất bản Hà Nội 
260 |c 2005 
650 |a Chemistry 
650 |x Study and teaching ( secondary ) 
904 |i Hiếu 
980 |a Trung tâm Học liệu Trường Đại học Cần Thơ